000 01287cam a2200349 a 4500
001 3996119
003 OSt
005 20140310184407.0
008 960105s1997 maua j b 000 0 eng
010 _a 96001290
020 _a9780439785105
040 _aDLC
_cDLC
_dDLC
042 _alcac
050 0 0 _aSB 351.P3
_b.M535 1997
100 1 _aMicucci, Charles.
_925861
245 1 4 _aThe life and times of the peanut /
_cCharles Micucci.
260 _aBoston :
_bHoughton Mifflin,
_c1997
300 _a32 p. :
_bcol. ill. ;
_c23 cm.
504 _aIncludes bibliographical references (p. [2]).
520 _aExamines the history and statistics of peanuts, their agriculture and influence.
521 _aG8
526 _c980
562 _e1
650 0 _aPeanuts
_xJuvenile literature.
_925862
650 1 _aPeanuts.
_925863
856 4 2 _3Publisher description
_uhttp://www.loc.gov/catdir/description/hm021/96001290.html
856 4 2 _3Contributor biographical information
_uhttp://www.loc.gov/catdir/enhancements/fy0905/96001290-b.html
906 _a7
_bcbc
_corignew
_d1
_eocip
_f19
_gy-gencatlg
942 _2lcc
_cBK-SCHOLAS
999 _c34060
_d34060